[Event "CYCC U12 w"]
[Site "Calgary CAN"]
[Date "2023.07.19"]
[Round "2.60"]
[White "Guan, Marie"]
[Black "Maslov, Ayla"]
[Result "1-0"]
[WhiteElo "1291"]
[BlackElo "931"]
[PlyCount "83"]
[EventDate "2023.07.19"]
[EventType "swiss"]
[EventRounds "7"]
[EventCountry "CAN"]

1. e4 e5 2. Nf3 Nc6 3. d4 exd4 4. Nxd4 Nf6 5. Nxc6 bxc6 6. e5 Qe7 7. Qe2 Nd5 8.
c4 Ba6 9. b3 Rb8 10. Ba3 Qd8 11. Bxf8 Rxf8 12. Qg4 Nb6 13. Qxg7 Qe7 14. Bd3 d6
15. O-O dxe5 16. Qxh7 Nd7 17. Be4 Bb7 18. Nc3 Nc5 19. Qf5 Nxe4 20. Nxe4 Qe6 21.
Qg5 f6 22. Qh5+ Ke7 23. Nc5 Qf7 24. Qf3 Rg8 25. Nxb7 Rxb7 26. Qxc6 Rb6 27.
Qxc7+ Ke6 28. Qxf7+ Kxf7 29. Rad1 Ke6 30. Rfe1 Ra6 31. Rd2 Rc6 32. f4 Rc7 33.
fxe5 fxe5 34. Rd5 Rg5 35. h4 Rh5 36. g3 Rg7 37. Kh2 Rf7 38. Ra5 Rc7 39. Kh3
Rch7 40. Rf1 R5h6 41. Ra6+ Ke7 42. Rxa7+ 1-0

[Event "CYCC U12 w"]
[Site "Calgary CAN"]
[Date "2023.07.19"]
[Round "2.61"]
[White "Doroshenko, Dasha"]
[Black "Nguyen, Katherine"]
[Result "1-0"]
[WhiteElo "1278"]
[BlackElo "921"]
[PlyCount "51"]
[EventDate "2023.07.19"]
[EventType "swiss"]
[EventRounds "7"]
[EventCountry "CAN"]

1. e4 e5 2. Bc4 Bc5 3. Nf3 Nc6 4. c3 Nf6 5. d3 O-O 6. O-O h6 7. Nbd2 d6 8. a4
a5 9. h3 Qe7 10. Re1 Be6 11. Nf1 Bxc4 12. dxc4 Rad8 13. Ng3 Qe6 14. Qd3 b6 15.
Nf5 Nh7 16. N3h4 Ne7 17. Nxe7+ Qxe7 18. Nf5 Qf6 19. h4 g5 20. Qf3 gxh4 21. Bxh6
Rfe8 22. Qg4+ Kh8 23. Bg7+ Kg8 24. Bxf6+ Ng5 25. Qxg5+ Kh7 26. Qg7# 1-0

[Event "CYCC U12 w"]
[Site "Calgary CAN"]
[Date "2023.07.19"]
[Round "2.62"]
[White "Wang, Angela"]
[Black "Li, Yeeshuen"]
[Result "1-0"]
[WhiteElo "871"]
[BlackElo "1251"]
[PlyCount "119"]
[EventDate "2023.07.19"]
[EventType "swiss"]
[EventRounds "7"]
[EventCountry "CAN"]

1. e4 e5 2. Nf3 Nc6 3. d4 exd4 4. Nxd4 Bc5 5. Nxc6 Qf6 6. Qe2 Qxc6 7. Nc3 d6 8.
Qf3 a6 9. Bc4 Qd7 10. O-O Nf6 11. h3 Qe7 12. Bg5 Bd4 13. Nd5 Qd8 14. Rad1 Be5
15. Nxf6+ gxf6 16. Qh5 Qe7 17. Bh6 Bxb2 18. Bg7 Rg8 19. Qxh7 Rf8 20. Bxf8 Qxf8
21. Rd3 Bd7 22. f4 b5 23. Bxf7+ Qxf7 24. Qxf7+ Kxf7 25. Rb1 Be5 26. fxe5 fxe5
27. Rf1+ Ke6 28. Rdf3 Ra7 29. Rf6+ Ke7 30. Rf7+ Ke8 31. Rh7 Be6 32. Rf6 Bxa2
33. Rg6 a5 34. Rgg7 Kf8 35. Rxc7 Rxc7 36. Rxc7 a4 37. h4 Kg8 38. h5 Kh8 39. Rd7
Bb1 40. Rxd6 Bxc2 41. Rd5 Bxe4 42. Rxb5 Bc2 43. Rxe5 Kh7 44. Ra5 Kh6 45. Kf2
Bd1 46. Kg3 Bxh5 47. Rxa4 Bd1 48. Ra1 Bb3 49. Kf4 Be6 50. g4 Bc4 51. Kf5 Kg7
52. Ra7+ Kg8 53. g5 Bb3 54. Kf6 Kh8 55. g6 Bc4 56. Ra8+ Bg8 57. g7+ Kh7 58. Ra4
Bd5 59. Rh4+ Kg8 60. Rh8# 1-0

[Event "CYCC U12 w"]
[Site "Calgary CAN"]
[Date "2023.07.19"]
[Round "2.63"]
[White "Doroshenko, Sophia"]
[Black "Xiong, Victoria"]
[Result "1-0"]
[WhiteElo "1128"]
[BlackElo "599"]
[PlyCount "135"]
[EventDate "2023.07.19"]
[EventType "swiss"]
[EventRounds "7"]
[EventCountry "CAN"]

1. e4 c5 2. Nf3 Nf6 3. d3 Nc6 4. Nbd2 e5 5. Be2 d5 6. O-O g6 7. exd5 Nxd5 8.
Nc4 Bg7 9. a4 Bg4 10. h3 Bxf3 11. Bxf3 O-O 12. Re1 Re8 13. Bd2 Nd4 14. c3 Nxf3+
15. Qxf3 Qd7 16. Rad1 a6 17. a5 Rab8 18. Re2 b5 19. axb6 Nxb6 20. Nxb6 Rxb6 21.
Be3 e4 22. Qg3 exd3 23. Red2 Rd6 24. Bxc5 Rd5 25. Be3 f5 26. Bf4 h6 27. Rxd3
Rxd3 28. Rxd3 Qb5 29. b4 g5 30. Bd2 Kh7 31. Qf3 g4 32. hxg4 fxg4 33. Qd5 Qa4
34. Be3 Qa1+ 35. Rd1 Qxc3 36. Qd3+ Qxd3 37. Rxd3 Rb8 38. Bc5 Kg6 39. Rd6+ Kf5
40. Rxa6 h5 41. Ra5 h4 42. Ba7+ Ke4 43. Bxb8 Bd4 44. Ba7 Bc3 45. Rb5 Be5 46.
Rb7 Kd5 47. b5 Kd6 48. b6 Kc6 49. Rh7 Bd6 50. b7 g3 51. fxg3 hxg3 52. Rh6 Kd5
53. Rxd6+ Kxd6 54. b8=Q+ Kd5 55. Qc7 Ke6 56. Qd8 Ke5 57. Bb8+ Ke6 58. Qd6+ Kf5
59. Qe5+ Kg6 60. Kf1 Kf7 61. Ba7 Kg6 62. Bd4 Kf7 63. Qf6+ Ke8 64. Qg7 Kd8 65.
Bb6+ Ke8 66. Bg1 Kd8 67. Ke2 Kc8 68. Bb6 1-0

[Event "CYCC U12 w"]
[Site "Calgary CAN"]
[Date "2023.07.19"]
[Round "2.64"]
[White "Xu, Joanne"]
[Black "Chan, Allison"]
[Result "0-1"]
[WhiteElo "438"]
[BlackElo "1081"]
[PlyCount "92"]
[EventDate "2023.07.19"]
[EventType "swiss"]
[EventRounds "7"]
[EventCountry "CAN"]

1. e4 e5 2. Nf3 Nc6 3. Bc4 Bc5 4. O-O Nf6 5. Nc3 O-O 6. d3 h6 7. a3 d6 8. b4
Bb6 9. Na4 Bd4 10. Nxd4 Nxd4 11. b5 Bd7 12. Be3 Nxb5 13. Bxb5 Bxb5 14. c4 Bd7
15. d4 exd4 16. Bxd4 Nxe4 17. Re1 Re8 18. Qd3 Bxa4 19. Rxe4 Rxe4 20. Qxe4 c5
21. Bc3 Bc6 22. Qg4 g6 23. Rd1 Qc7 24. Qh4 Kh7 25. Qf6 Rg8 26. Rxd6 a6 27. Be5
Be8 28. Re6 Qd7 29. Rd6 Qf5 30. Qxf5 gxf5 31. Rd8 Kg6 32. Rb8 b5 33. cxb5 axb5
34. f4 c4 35. Bd4 f6 36. h3 Kf7 37. Rb7+ Ke6 38. Rb6+ Kd5 39. Be3 Bc6 40. Kf2
c3 41. h4 Ra8 42. g3 Rxa3 43. Rb8 Ra2+ 44. Ke1 Ke4 45. Rc8 Kxe3 46. Rxc6 Ra1#
0-1

[Event "CYCC U12 w"]
[Site "Calgary CAN"]
[Date "2023.07.20"]
[Round "3.54"]
[White "Deepak, Laksshana"]
[Black "Chen, Rae"]
[Result "1-0"]
[WhiteElo "1681"]
[BlackElo "1548"]
[PlyCount "119"]
[EventDate "2023.07.19"]
[EventType "swiss"]
[EventRounds "7"]
[EventCountry "CAN"]

1. e4 d6 2. d4 Nf6 3. f3 c6 4. c4 Qc7 5. Nc3 e5 6. d5 Be7 7. Be3 Nbd7 8. Qd2 a5
9. Bd3 Nc5 10. Bc2 O-O 11. g4 h5 12. gxh5 Nxh5 13. O-O-O Qd8 14. Nge2 f5 15.
Rhg1 f4 16. Bxc5 dxc5 17. d6 Bh4 18. d7 Bf2 19. dxc8=Q Qxc8 20. Nd5 cxd5 21.
Qxd5+ Rf7 22. Rg5 Nf6 23. Qxe5 Be3+ 24. Kb1 Qh3 25. Qf5 Qxf3 26. e5 Ne4 27.
Qxe4 Qxe4 28. Bxe4 f3 29. Bxf3 Bxg5 30. Bd5 Rd8 31. Nf4 Re8 32. Ng6 Rc8 33. h4
Bd8 34. Be6 Ra8 35. Rd7 Kh7 36. Bxf7 Kh6 37. e6 Bf6 38. e7 Bxe7 39. Nxe7 Rf8
40. Rd6+ g6 41. Nxg6 Rb8 42. Ne5+ Kh7 43. h5 b5 44. cxb5 Rxb5 45. Bg6+ Kg7 46.
h6+ Kxh6 47. Be8+ Kg5 48. Bxb5 Kf4 49. Rd5 c4 50. Bxc4 a4 51. b4 axb3 52. a4 b2
53. a5 Ke4 54. a6 Kf4 55. a7 Ke4 56. a8=Q Kf5 57. Qf8+ Kg5 58. Nf3+ Kg4 59.
Rg5+ Kh3 60. Bf1# 1-0

[Event "CYCC U12 w"]
[Site "Calgary CAN"]
[Date "2023.07.20"]
[Round "3.55"]
[White "Chen, Shuang"]
[Black "Zhao, Erin"]
[Result "0-1"]
[WhiteElo "1576"]
[BlackElo "1613"]
[PlyCount "84"]
[EventDate "2023.07.19"]
[EventType "swiss"]
[EventRounds "7"]
[EventCountry "CAN"]

1. e4 c5 2. Nf3 Nc6 3. Bb5 e6 4. O-O Nge7 5. c3 a6 6. Ba4 b5 7. Bc2 d5 8. a4
Bb7 9. d4 cxd4 10. cxd4 Nb4 11. e5 Nxc2 12. Qxc2 Nc6 13. Nc3 b4 14. Ne2 Be7 15.
Nf4 g6 16. Nh3 Rc8 17. Qd3 Qb6 18. Rd1 h6 19. Nf4 a5 20. Nxg6 fxg6 21. Qxg6+
Kd7 22. Bxh6 Qd8 23. Ng5 Qg8 24. Bg7 Nd8 25. f4 Bf8 26. f5 Qxg7 27. fxe6+ Ke7
28. Qf5 Rh5 29. h4 Rxh4 30. Rf1 Rh6 31. Rac1 Bc6 32. Nf7 Nxf7 33. Qxf7+ Qxf7
34. Rxf7+ Ke8 35. Rcf1 Be7 36. b3 Rxe6 37. Rg7 Kd7 38. Rff7 Bxa4 39. bxa4 b3
40. Rf1 b2 41. Rg3 Rb6 42. e6+ Kd6 0-1

[Event "CYCC U12 w"]
[Site "Calgary CAN"]
[Date "2023.07.20"]
[Round "3.56"]
[White "Guan, Isabelle"]
[Black "Vallabhajosyula, Vijaya"]
[Result "1-0"]
[WhiteElo "1406"]
[BlackElo "760"]
[PlyCount "63"]
[EventDate "2023.07.19"]
[EventType "swiss"]
[EventRounds "7"]
[EventCountry "CAN"]

1. e4 g6 2. d4 Bg7 3. Nc3 d6 4. Nf3 Nf6 5. Bc4 O-O 6. Be3 Nc6 7. Qd2 Bg4 8. h3
Bxf3 9. gxf3 a6 10. Rg1 b5 11. Bb3 e6 12. O-O-O Rb8 13. Bg5 Qd7 14. f4 b4 15.
Ne2 Nxe4 16. Qe3 d5 17. f3 Nf6 18. Qd3 a5 19. h4 h6 20. Bxf6 Bxf6 21. h5 g5 22.
fxg5 Bxg5+ 23. f4 f6 24. fxg5 fxg5 25. Qg6+ Qg7 26. Qxe6+ Kh8 27. Qxc6 Rf2 28.
Ng3 Rf3 29. Qxd5 Rf2 30. Nf5 Qh7 31. Qe5+ Qg7 32. Qxg7# 1-0

[Event "CYCC U12 w"]
[Site "Calgary CAN"]
[Date "2023.07.20"]
[Round "3.57"]
[White "Guan, Marie"]
[Black "Wangluo, Joanne"]
[Result "1-0"]
[WhiteElo "1291"]
[BlackElo "799"]
[PlyCount "91"]
[EventDate "2023.07.19"]
[EventType "swiss"]
[EventRounds "7"]
[EventCountry "CAN"]

1. e4 d5 2. exd5 Qxd5 3. Nc3 Qd6 4. d4 c6 5. Nf3 Bg4 6. Be2 Nf6 7. h3 Bh5 8. g4
Bg6 9. Ne5 Be4 10. f3 Bd5 11. Bf4 Qb4 12. a3 Qxb2 13. Na4 Qxa1 14. Qxa1 Nbd7
15. Nxd7 Nxd7 16. c4 Be6 17. O-O f6 18. Qb1 b6 19. Qe4 Bf7 20. Qxc6 Rd8 21. Bc7
Rc8 22. Qb7 Rxc7 23. Qxc7 e5 24. d5 Bxa3 25. d6 O-O 26. Qxd7 Ra8 27. Qb7 Rd8
28. d7 Be6 29. Rd1 Kf8 30. c5 bxc5 31. Qc7 Ke7 32. Nxc5 Bxc5+ 33. Qxc5+ Kf7 34.
Qxa7 Ke7 35. Qc5+ Kf7 36. Bc4 h6 37. Bxe6+ Kxe6 38. Qb6+ Ke7 39. Qc7 g6 40.
Qxd8+ Kxd8 41. Rd6 f5 42. Kf2 fxg4 43. hxg4 h5 44. g5 h4 45. Kg2 h3+ 46. Kxh3
1-0

[Event "CYCC U12 w"]
[Site "Calgary CAN"]
[Date "2023.07.20"]
[Round "3.58"]
[White "Wang, April"]
[Black "He, Caelyn"]
[Result "1-0"]
[WhiteElo "1287"]
[BlackElo "1025"]
[PlyCount "101"]
[EventDate "2023.07.19"]
[EventType "swiss"]
[EventRounds "7"]
[EventCountry "CAN"]

1. d4 d5 2. Bf4 Nf6 3. e3 Bf5 4. Nf3 Nc6 5. c4 e6 6. a3 Bd6 7. Bg3 O-O 8. Nc3
a6 9. Qb3 Rb8 10. Be2 Bxg3 11. hxg3 Re8 12. O-O Qd6 13. Rac1 Bg4 14. Rfe1 Ne7
15. cxd5 Nexd5 16. Na4 b5 17. Nc5 Nd7 18. Bd3 Bxf3 19. gxf3 e5 20. Nxd7 Qxd7
21. Be4 c6 22. Qc2 Rb6 23. Bxh7+ Kh8 24. Bf5 Qd6 25. dxe5 Rxe5 26. Red1 Qf6 27.
Be4 Qh6 28. Qc5 g6 29. Bxd5 Rh5 30. Kf1 Rh1+ 31. Ke2 Rh2 32. Qxb6 Qh3 33. Qd8+
Kg7 34. Rg1 cxd5 35. Qh4 Qxh4 36. gxh4 Rxh4 37. Rgd1 Rh5 38. Rc5 Kh6 39. Rcxd5
f6 40. Rxh5+ gxh5 41. f4 h4 42. Kf3 Kh5 43. Rd5+ Kg6 44. Kg4 h3 45. Kxh3 b4 46.
axb4 Kh6 47. Rd6 Kg6 48. Rxa6 Kf5 49. b5 Kg6 50. b6 Kf7 51. b7 1-0

[Event "CYCC U12 w"]
[Site "Calgary CAN"]
[Date "2023.07.20"]
[Round "3.59"]
[White "Chan, Allison"]
[Black "Doroshenko, Dasha"]
[Result "0-1"]
[WhiteElo "1081"]
[BlackElo "1278"]
[PlyCount "114"]
[EventDate "2023.07.19"]
[EventType "swiss"]
[EventRounds "7"]
[EventCountry "CAN"]

1. e4 c5 2. Nc3 Nc6 3. Bc4 e6 4. Nf3 g6 5. O-O Bg7 6. d3 Nge7 7. Be3 b6 8. Rb1
O-O 9. Ne2 Bb7 10. c3 Na5 11. Bb3 Nxb3 12. Qxb3 Re8 13. Nd2 d5 14. Rfd1 Qc8 15.
Qc2 Qc6 16. a3 f5 17. exd5 Nxd5 18. Nf1 Nxc3 19. f3 Nxd1 20. Rxd1 Qb5 21. Nc3
Qd7 22. Nd2 Ba6 23. Nb3 Rad8 24. d4 c4 25. Nc1 Qf7 26. Bf4 Bxd4+ 27. Kh1 Bf6
28. N1e2 Rxd1+ 29. Qxd1 Rd8 30. Qa4 Qb7 31. h3 b5 32. Qb4 e5 33. Bc1 Qc7 34.
Nxb5 Bxb5 35. Qxb5 Rd1+ 36. Kh2 e4+ 37. Bf4 Qf7 38. Qb8+ Rd8 39. Qb5 exf3 40.
gxf3 Qd5 41. Qxd5+ Rxd5 42. Kg2 Bxb2 43. Be3 c3 44. Bd4 a5 45. Bxc3 Bxc3 46.
Nxc3 Rd3 47. Nb5 Rb3 48. a4 Rb4 49. Nc3 Rc4 50. Nb5 Rxa4 51. Kf2 Ra2+ 52. Ke3
a4 53. h4 a3 54. Nxa3 Rxa3+ 55. Kf4 Kg7 56. Kg5 Ra4 57. h5 h6# 0-1

[Event "CYCC U12 w"]
[Site "Calgary CAN"]
[Date "2023.07.20"]
[Round "3.60"]
[White "Wang, Caitlin"]
[Black "Guo, Lynette"]
[Result "1/2-1/2"]
[WhiteElo "1150"]
[BlackElo "974"]
[PlyCount "177"]
[EventDate "2023.07.19"]
[EventType "swiss"]
[EventRounds "7"]
[EventCountry "CAN"]

1. e4 e5 2. Nf3 Nc6 3. Bc4 Bc5 4. Nc3 Nf6 5. d3 h6 6. h3 O-O 7. O-O d6 8. Be3
Bb6 9. Qd2 Nh7 10. Nd5 Ne7 11. Nxb6 axb6 12. d4 Ng6 13. Rfe1 Bd7 14. Rad1 Bc6
15. Qd3 Nf6 16. d5 Bd7 17. b4 Nh7 18. Qc3 f5 19. exf5 Bxf5 20. Bc1 Nf6 21. Qb3
Qd7 22. Nh2 Ne4 23. Bd3 Nxf2 24. Bxf5 Qxf5 25. Rf1 Nf4 26. Rd2 Ne4 27. Kh1 Nxd2
28. Bxd2 Qg6 29. Rg1 Nh5 30. Ng4 Nf6 31. Nxf6+ Rxf6 32. Re1 Raf8 33. Re3 Rf2
34. Rg3 Qf6 35. Qe3 Qf4 36. Qxf4 exf4 37. Rd3 f3 38. gxf3 R8xf3 39. Rd4 Rxh3+
40. Kg1 Rhf3 41. a4 Kf7 42. a5 Kf6 43. c3 Kf5 44. axb6 cxb6 45. b5 g5 46. Kh1
g4 47. Bxh6 g3 48. Bf8 Ke5 49. Bg7+ Kf5 50. Bf8 Rxc3 51. Rd1 Ke5 52. Bg7+ Rf6
53. Rf1 Kxd5 54. Rxf6 Re3 55. Rg6 Re6 56. Rxg3 Kc5 57. Rc3+ Kxb5 58. Rb3+ Kc6
59. Bb2 Kd5 60. Rxb6 Kc5 61. Rxb7 d5 62. Rd7 Re1+ 63. Kg2 Re2+ 64. Kf1 Rxb2 65.
Ke1 Kc6 66. Rd8 Rb5 67. Rh8 Kc5 68. Kd2 Rb6 69. Rh5 Kc4 70. Rh8 Rd6 71. Rc8+
Kd4 72. Rh8 Ke4 73. Re8+ Kd4 74. Rh8 Re6 75. Rh4+ Re4 76. Rxe4+ Kxe4 77. Ke2
Kd4 78. Kd2 Kc5 79. Kc3 Kc6 80. Kd3 Kd6 81. Kd4 Ke6 82. Kd3 Ke5 83. Ke3 d4+ 84.
Kd2 Ke4 85. Ke2 d3+ 86. Kd1 Kd4 87. Kd2 Kc4 88. Kd1 Kd4 89. Kd2 1/2-1/2

[Event "CYCC U12 w"]
[Site "Calgary CAN"]
[Date "2023.07.20"]
[Round "3.61"]
[White "Xiao, Stephanie"]
[Black "Wang, Angela"]
[Result "1/2-1/2"]
[WhiteElo "1129"]
[BlackElo "871"]
[PlyCount "94"]
[EventDate "2023.07.19"]
[EventType "swiss"]
[EventRounds "7"]
[EventCountry "CAN"]

1. e4 e5 2. Nf3 Nc6 3. d4 exd4 4. Nxd4 Nf6 5. Nc3 Bb4 6. Nxc6 bxc6 7. Bd3 O-O
8. O-O d5 9. exd5 cxd5 10. Bg5 Bb7 11. a3 Bc5 12. Re1 Rb8 13. Qd2 d4 14. Ne4
Be7 15. Qf4 Nxe4 16. Bxe7 Qxe7 17. Bxe4 Bxe4 18. Rxe4 Qc5 19. b4 Qxc2 20. Rxd4
Qc3 21. Rad1 Rfe8 22. h3 Qxa3 23. Qxc7 Rxb4 24. Rd8 Rbe4 25. Qb8 Qf8 26. Rxe8
Rxe8 27. Qxa7 h6 28. g4 Qb4 29. Qd4 Qb3 30. Kg2 Qb7+ 31. Qd5 Qe7 32. Rb1 Qf6
33. Qd3 Qc6+ 34. Qf3 Qg6 35. Rd1 Qe4 36. Qxe4 Rxe4 37. Kf3 Ra4 38. Kg3 Kf8 39.
Re1 g5 40. h4 Kg7 41. f3 Ra3 42. hxg5 hxg5 43. Re5 f6 44. Rf5 Rb3 45. Kf2 Ra3
46. Ke2 Rb3 47. Kf2 Ra3 1/2-1/2

[Event "CYCC U12 w"]
[Site "Calgary CAN"]
[Date "2023.07.20"]
[Round "3.62"]
[White "Leung, Katherine"]
[Black "Doroshenko, Sophia"]
[Result "1-0"]
[WhiteElo "873"]
[BlackElo "1128"]
[PlyCount "57"]
[EventDate "2023.07.19"]
[EventType "swiss"]
[EventRounds "7"]
[EventCountry "CAN"]

1. e4 e5 2. Nf3 Nc6 3. d4 exd4 4. Bc4 h6 5. Nxd4 d6 6. Nxc6 bxc6 7. Nc3 Nf6 8.
h3 Be7 9. O-O O-O 10. Re1 Be6 11. Bb3 Nh7 12. Bxe6 fxe6 13. Qg4 Rf6 14. e5 dxe5
15. Rxe5 Qf8 16. Ne4 Bd6 17. Nxf6+ Nxf6 18. Qxe6+ Kh8 19. Re2 Re8 20. Qc4 Nd5
21. Rxe8 Qxe8 22. Bd2 Qe5 23. g3 Qxb2 24. Re1 Nf6 25. Qb3 Qd4 26. Bc3 Qc5 27.
Bxf6 gxf6 28. Re8+ Bf8 29. Qf7 1-0

[Event "CYCC U12 w"]
[Site "Calgary CAN"]
[Date "2023.07.20"]
[Round "3.63"]
[White "Li, Yeeshuen"]
[Black "Xiong, Victoria"]
[Result "1-0"]
[WhiteElo "1251"]
[BlackElo "599"]
[PlyCount "55"]
[EventDate "2023.07.19"]
[EventType "swiss"]
[EventRounds "7"]
[EventCountry "CAN"]

1. e4 c5 2. Nc3 Nc6 3. d3 Nf6 4. Be3 d6 5. g3 e5 6. Bg2 Be6 7. f4 exf4 8. Bxf4
h6 9. Nf3 d5 10. O-O c4 11. exd5 Bxd5 12. Nb5 Qb6+ 13. Nfd4 Bxg2 14. Kxg2 Nxd4
15. Nc7+ Kd7 16. Nxa8 Bd6 17. Nxb6+ axb6 18. Bxd6 Kxd6 19. dxc4 Kc5 20. b4+
Kxc4 21. Qd3+ Kxb4 22. Qxd4+ Ka5 23. Rf5+ b5 24. Qa7+ Kb4 25. Rf4+ Kc3 26. Qe3+
Kb2 27. Qb3+ Kxa1 28. Rf1# 1-0

[Event "CYCC U12 w"]
[Site "Calgary CAN"]
[Date "2023.07.20"]
[Round "3.65"]
[White "Nguyen, Katherine"]
[Black "Xu, Joanne"]
[Result "1-0"]
[WhiteElo "921"]
[BlackElo "438"]
[PlyCount "87"]
[EventDate "2023.07.19"]
[EventType "swiss"]
[EventRounds "7"]
[EventCountry "CAN"]

1. e4 e6 2. Nf3 d5 3. exd5 exd5 4. d4 c5 5. c3 Nc6 6. Bf4 Qb6 7. Qd2 Bf5 8. Be2
Nf6 9. O-O g6 10. Re1 O-O-O 11. Na3 Ne4 12. Qc1 cxd4 13. cxd4 Bg7 14. Ne5 h6
15. Nxf7 Bxd4 16. Be5 Bxe5 17. Nxe5 Rhf8 18. Nxc6 bxc6 19. Rf1 h5 20. Nb1 Bg4
21. Bxg4+ hxg4 22. Qc2 g3 23. hxg3 Nxg3 24. Rc1 Rd6 25. Kh2 Rxf2 26. Qc3 Nf1+
27. Kh1 g5 28. Qh3+ Kc7 29. Nc3 g4 30. Qh7+ Kd8 31. Qg8+ Kd7 32. Qxg4+ Kc7 33.
Qg7+ Kb8 34. Rxf1 Qxb2 35. Qh8+ Kb7 36. Rab1 Rxf1+ 37. Rxf1 Qxc3 38. Qxc3 d4
39. Rf7+ Kb6 40. Qb4+ Ka6 41. Qxd6 Kb5 42. Qxd4 a5 43. a4+ Ka6 44. Ra7# 1-0

[Event "CYCC U12 w"]
[Site "Calgary CAN"]
[Date "2023.07.20"]
[Round "4.54"]
[White "Zhao, Erin"]
[Black "Deepak, Laksshana"]
[Result "0-1"]
[WhiteElo "1613"]
[BlackElo "1681"]
[PlyCount "78"]
[EventDate "2023.07.19"]
[EventType "swiss"]
[EventRounds "7"]
[EventCountry "CAN"]

1. e4 c5 2. Nf3 d6 3. d4 cxd4 4. Nxd4 Nf6 5. Nc3 a6 6. Be2 e5 7. Nb3 Be7 8. O-O
O-O 9. Be3 Be6 10. a4 Nbd7 11. Qd2 Rc8 12. Rfd1 Nb6 13. Nc1 Ng4 14. N1a2 Nxe3
15. Qxe3 f5 16. a5 Nc4 17. Bxc4 Rxc4 18. b3 Rc5 19. Nb4 fxe4 20. Nbd5 Bg5 21.
Qxe4 Rxa5 22. Rxa5 Qxa5 23. h4 Bd8 24. Qc4 Kh8 25. b4 Bxd5 26. Nxd5 Qa4 27. Qe4
Qc6 28. g3 Bb6 29. Rd2 a5 30. Qd3 Bd4 31. Qb3 axb4 32. Nxb4 Qc3 33. Re2 Rxf2
34. Rxf2 Qe1+ 35. Kg2 Qxf2+ 36. Kh3 Qf1+ 37. Kh2 Bg1+ 38. Kh1 Qf2 39. g4 Qh2#
0-1

[Event "CYCC U12 w"]
[Site "Calgary CAN"]
[Date "2023.07.20"]
[Round "4.55"]
[White "Chen, Shuang"]
[Black "Guan, Isabelle"]
[Result "1-0"]
[WhiteElo "1576"]
[BlackElo "1406"]
[PlyCount "159"]
[EventDate "2023.07.19"]
[EventType "swiss"]
[EventRounds "7"]
[EventCountry "CAN"]

1. e4 e5 2. Nf3 Nc6 3. Bb5 Bc5 4. c3 Nge7 5. d3 a6 6. Ba4 b5 7. Bc2 d6 8. O-O
O-O 9. Nbd2 Be6 10. Re1 Bg4 11. Nf1 f5 12. h3 Bh5 13. Ng3 Bxf3 14. gxf3 Qe8 15.
exf5 Bb6 16. d4 exd4 17. Qd3 Ne5 18. Qe4 Qd7 19. cxd4 Bxd4 20. f4 N5c6 21. f6
Ng6 22. Bb3+ Kh8 23. Be6 Qd8 24. fxg7+ Kxg7 25. Qxc6 Qh4 26. Be3 Bxe3 27. Rxe3
Kh8 28. Qc3+ Qf6 29. f5 Nf4 30. Qxf6+ Rxf6 31. Ne4 Rh6 32. Ng5 Rf6 33. Rc1 c5
34. Nf7+ Kg7 35. Nxd6 Rd8 36. Ne4 Rh6 37. f6+ Kf8 38. Ng5 Rg6 39. h4 h6 40. Bf5
Rg8 41. Bh7 Rh8 42. Ne6+ Nxe6 43. Rxe6 Rxh7 44. Rxc5 Ra8 45. Rec6 Rd7 46. Rc8+
Rxc8 47. Rxc8+ Kf7 48. Rh8 Kg6 49. Kg2 Rf7 50. Rg8+ Kxf6 51. Rg3 Ke6 52. Rg6+
Rf6 53. Rxf6+ Kxf6 54. Kg3 Kf5 55. b4 h5 56. Kf3 Ke5 57. Ke3 Kf5 58. f4 Kf6 59.
Ke4 Ke6 60. f5+ Kf6 61. Kf4 Kg7 62. Kg5 Kf7 63. Kxh5 Kg7 64. Kg5 Kh7 65. f6 Kg8
66. Kg6 Kf8 67. f7 a5 68. bxa5 b4 69. a6 b3 70. axb3 Ke7 71. Kg7 Ke6 72. f8=Q
Ke5 73. Qf6+ Kd5 74. Qe7 Kc6 75. a7 Kb6 76. a8=Q Kb5 77. Qd7+ Kc5 78. Qac6+ Kb4
79. Qd4+ Ka3 80. Qca4# 1-0

[Event "CYCC U12 w"]
[Site "Calgary CAN"]
[Date "2023.07.20"]
[Round "4.56"]
[White "Chen, Rae"]
[Black "Wang, April"]
[Result "1/2-1/2"]
[WhiteElo "1548"]
[BlackElo "1287"]
[PlyCount "106"]
[EventDate "2023.07.19"]
[EventType "swiss"]
[EventRounds "7"]
[EventCountry "CAN"]

1. c4 c6 2. g3 d5 3. cxd5 cxd5 4. Nf3 Nf6 5. Bg2 Nc6 6. d4 Qb6 7. Nc3 Bg4 8. e3
e6 9. a3 Be7 10. O-O Rc8 11. Na4 Qd8 12. Nc5 Bxc5 13. dxc5 Ne5 14. b4 Nc4 15.
Qa4+ Qd7 16. Qxd7+ Nxd7 17. Nd2 Nde5 18. h3 Nxd2 19. Bxd2 Bxh3 20. Bxh3 Nf3+
21. Kg2 Nxd2 22. Rfd1 Nc4 23. Rxd5 Ke7 24. Rd4 Ne5 25. Kf1 b6 26. Rc1 Rhd8 27.
Bg2 bxc5 28. bxc5 Nc6 29. Ra4 Rd7 30. Ke2 Ne5 31. Ra5 Rdc7 32. f4 Nd7 33. c6
Nb8 34. Rh1 h6 35. Rb1 Nxc6 36. Bxc6 Rxc6 37. Rxa7+ R8c7 38. Rbb7 Rc2+ 39. Kf3
Kd7 40. Rxc7+ Rxc7 41. Rxc7+ Kxc7 42. Ke4 f6 43. f5 Kd6 44. Kf4 h5 45. fxe6
Kxe6 46. a4 g5+ 47. Ke4 f5+ 48. Kf3 Kd5 49. Ke2 Kc4 50. Kf3 Kb4 51. e4 fxe4+
52. Kxe4 h4 53. gxh4 gxh4 1/2-1/2

[Event "CYCC U12 w"]
[Site "Calgary CAN"]
[Date "2023.07.20"]
[Round "4.57"]
[White "Vallabhajosyula, Vijaya"]
[Black "Guan, Marie"]
[Result "0-1"]
[WhiteElo "760"]
[BlackElo "1291"]
[PlyCount "48"]
[EventDate "2023.07.19"]
[EventType "swiss"]
[EventRounds "7"]
[EventCountry "CAN"]

1. g3 e5 2. Bg2 d5 3. d3 Nc6 4. Nf3 Bd6 5. O-O Nge7 6. Bd2 Bg4 7. Nc3 Qd7 8.
Nb5 Bc5 9. Nc3 O-O-O 10. Rb1 h5 11. Ng5 Ng6 12. h4 f6 13. Nf3 Bxf3 14. Bxf3 Qh3
15. Bg2 Qxg3 16. e3 Qxh4 17. Qf3 Qg5 18. Rbd1 Nh4 19. Qh3+ Kb8 20. e4 Qg4 21.
Nxd5 Nd4 22. Qxg4 hxg4 23. Be3 Ne2+ 24. Kh2 Nf3# 0-1

[Event "CYCC U12 w"]
[Site "Calgary CAN"]
[Date "2023.07.20"]
[Round "4.58"]
[White "Doroshenko, Dasha"]
[Black "Leung, Katherine"]
[Result "0-1"]
[WhiteElo "1278"]
[BlackElo "873"]
[PlyCount "68"]
[EventDate "2023.07.19"]
[EventType "swiss"]
[EventRounds "7"]
[EventCountry "CAN"]

1. e4 c5 2. Nf3 g6 3. c3 Bg7 4. d4 cxd4 5. cxd4 e6 6. Nc3 Ne7 7. Be3 O-O 8. Bd3
Nbc6 9. Qd2 Nb4 10. Bc4 b6 11. a3 Nbc6 12. h4 d5 13. Bd3 dxe4 14. Bxe4 f5 15.
Bc2 Na5 16. Bd3 Nb3 17. Qd1 Nxa1 18. Qxa1 e5 19. Bc4+ Kh8 20. dxe5 Qc7 21. Bb3
Bxe5 22. O-O Bg7 23. Ng5 h6 24. Nh3 Bb7 25. Nf4 Qc6 26. Rc1 Qf6 27. Ne6 Qxh4
28. Nxf8 Be5 29. f4 Qg3 30. Nxg6+ Nxg6 31. Bd5 Qxe3+ 32. Kh2 Bxf4+ 33. Kh1 Qg3
34. Kg1 Be3+ 0-1

[Event "CYCC U12 w"]
[Site "Calgary CAN"]
[Date "2023.07.20"]
[Round "4.59"]
[White "Wang, Angela"]
[Black "Wang, Caitlin"]
[Result "0-1"]
[WhiteElo "871"]
[BlackElo "1150"]
[PlyCount "78"]
[EventDate "2023.07.19"]
[EventType "swiss"]
[EventRounds "7"]
[EventCountry "CAN"]

1. e4 e5 2. Nf3 Nc6 3. d4 exd4 4. Nxd4 Bc5 5. Nxc6 bxc6 6. Nc3 d6 7. Bd3 Nf6 8.
O-O O-O 9. Bg5 h6 10. Bh4 Kh8 11. Qf3 Rb8 12. e5 dxe5 13. Ne4 Be7 14. Rad1 Bg4
15. Qg3 Bxd1 16. Bxf6 Bxf6 17. Rxd1 Qe7 18. Bc4 Rfd8 19. Rf1 Rd7 20. b3 Rbd8
21. Bd3 a5 22. Qe3 Bg5 23. Qe1 f5 24. Ng3 g6 25. Qxa5 e4 26. Bc4 f4 27. Ne2 Rd1
28. Nc3 Rxf1+ 29. Kxf1 f3 30. Kg1 Bd2 31. h3 Kh7 32. g3 e3 33. Bd3 exf2+ 34.
Kh2 Bxc3 35. Qxc3 Qe1 36. Qxe1 fxe1=Q 37. h4 h5 38. a4 Qf2+ 39. Kh1 Qg2# 0-1